00234 a2200121 4500001000700000020000600007040001100013100002000024240002800044245002300072300000800095362000900103183283 a  cMagnum aSampaio, Elvira10aViver ciè‚ncias 5lpor10aViver ciè‚ncias 5 a1420 a1990